[Event "Winter Chess"]
[Site "?"]
[Date "2014.01.05"]
[Round "8.1"]
[White "Burnett, Andrew"]
[Black "Bremner, Adam"]
[Result "1/2-1/2"]
[LiveChessVersion "1.4.2"]
[BlackElo "2189"]
[WhiteElo "2209"]

1. Nf3 {[%clk 1:30:55]} Nf6 {[%clk 1:25:22]} 2. c4 {[%clk 1:31:15]} e6
{[%clk 1:25:47]} 3. Nc3 {[%clk 1:31:36]} b6 {[%clk 1:26:12]} 4. g3
{[%clk 1:30:33]} Bb7 {[%clk 1:26:12]} 5. Bg2 {[%clk 1:30:57]} Be7
{[%clk 1:26:12]} 6. O-O {[%clk 1:31:19]} O-O {[%clk 1:26:38]} 7. b3
{[%clk 1:31:11]} d5 {[%clk 1:26:47]} 8. e3 {[%clk 1:30:30]} c6 {[%clk 1:26:56]}
9. Bb2 {[%clk 1:30:26]} Nbd7 {[%clk 1:27:12]} 10. d4 {[%clk 1:27:33]} Rc8
{[%clk 1:24:47]} 11. Re1 {[%clk 1:26:16]} Qc7 {[%clk 1:24:48]} 12. Rc1
{[%clk 1:21:47]} Qb8 {[%clk 1:25:14]} 13. a3 {[%clk 1:16:14]} Qa8
{[%clk 1:22:24]} 14. cxd5 {[%clk 1:12:05]} cxd5 {[%clk 1:19:08]} 15. Ne5
{[%clk 1:08:11]} Rfd8 {[%clk 1:15:28]} 16. f4 {[%clk 1:08:07]} Ne4
{[%clk 1:14:37]} 17. Nxe4 {[%clk 1:06:53]} dxe4 {[%clk 1:12:46]} 18. Rxc8
{[%clk 1:05:55]} Qxc8 {[%clk 1:12:51]} 19. Qb1 {[%clk 1:05:58]} f5
{[%clk 1:10:38]} 20. Rc1 {[%clk 1:04:36]} Qb8 {[%clk 1:11:03]} 21. Nc6
{[%clk 1:04:16]} Bxc6 {[%clk 1:10:40]} 22. Rxc6 {[%clk 1:04:38]} Rc8
{[%clk 1:09:35]} 23. Qc2 {[%clk 1:02:08]} Rxc6 {[%clk 1:09:56]} 24. Qxc6
{[%clk 1:02:32]} Qd6 {[%clk 1:10:22]} 25. Qc8+ {[%clk 1:01:53]} Kf7
{[%clk 1:10:36]} 26. Bf1 {[%clk 1:01:58]} Nf6 {[%clk 1:10:51]} 27. Bc4
{[%clk 1:01:49]} Nd5 {[%clk 1:10:51]} 28. Kf2 {[%clk 1:00:00]} Qc7
{[%clk 1:07:51]} 29. Qa6 {[%clk 0:58:28]} g5 {[%clk 1:06:46]} 30. Bc1
{[%clk 0:56:08]} gxf4 {[%clk 1:06:54]} 31. gxf4 {[%clk 0:55:02]} Bd6
{[%clk 1:06:13]} 32. Qb5 {[%clk 0:53:46]} Kf8 {[%clk 0:49:16]} 33. Bd2
{[%clk 0:51:49]} Qe7 {[%clk 0:47:58]} 34. Bxd5 {[%clk 0:47:48]} Qh4+
{[%clk 0:48:15]} 35. Kf1 {[%clk 0:46:24]} Qh3+ {[%clk 0:48:30]} 36. Ke1
{[%clk 0:45:59]} exd5 {[%clk 0:46:17]} 37. Qxd5 {[%clk 0:45:31]} Be7
{[%clk 0:40:23]} 38. Qc4 {[%clk 0:41:06]} Qg4 {[%clk 0:39:37]} 39. Bb4
{[%clk 0:36:09]} Qg1+ {[%clk 0:38:17]} 40. Kd2 {[%clk 0:36:29]} Qxh2+
{[%clk 0:38:20]} 41. Kc3 {[%clk 0:35:34]} Qg1 {[%clk 0:37:34]} 42. Qc8+
{[%clk 0:34:55]} Kg7 {[%clk 0:37:50]} 43. Kc4 {[%clk 0:31:27]} Bxb4
{[%clk 0:36:02]} 44. Qd7+ {[%clk 0:31:04]} Kf6 {[%clk 0:35:48]} 45. axb4
{[%clk 0:29:08]} Qxe3 {[%clk 0:33:47]} 46. Qd6+ {[%clk 0:29:03]} Kf7
{[%clk 0:33:54]} 47. Qd5+ {[%clk 0:28:53]} Kf6 {[%clk 0:33:50]} 48. Qe5+
{[%clk 0:29:08]} Kg6 {[%clk 0:34:15]} 49. Qe6+ {[%clk 0:29:22]} Kg7
{[%clk 0:34:40]} 50. Qe5+ {[%clk 0:21:10]} 1/2-1/2

[Event "Winter Chess"]
[Site "?"]
[Date "2014.01.05"]
[Round "8.2"]
[White "Michielsen, Joost"]
[Black "Berry, Neil"]
[Result "1/2-1/2"]
[LiveChessVersion "1.4.2"]
[BlackElo "2242"]
[WhiteElo "2343"]

1. e4 {[%clk 1:30:54]} e5 {[%clk 1:30:39]} 2. Nf3 {[%clk 1:31:19]} Nc6
{[%clk 1:31:01]} 3. Bb5 {[%clk 1:31:44]} Nf6 {[%clk 1:31:15]} 4. O-O
{[%clk 1:32:07]} Nxe4 {[%clk 1:31:27]} 5. d4 {[%clk 1:32:33]} Nd6
{[%clk 1:31:35]} 6. Bxc6 {[%clk 1:32:57]} dxc6 {[%clk 1:31:58]} 7. dxe5
{[%clk 1:33:19]} Nf5 {[%clk 1:32:19]} 8. Qxd8+ {[%clk 1:33:41]} Kxd8
{[%clk 1:32:44]} 9. Nc3 {[%clk 1:34:04]} Ke8 {[%clk 1:31:51]} 10. h3
{[%clk 1:33:18]} h5 {[%clk 1:31:58]} 11. a3 {[%clk 1:22:37]} Be7 {[%clk 1:27:52]}
12. Re1 {[%clk 1:20:02]} Be6 {[%clk 1:14:33]} 13. Bg5 {[%clk 1:13:22]} Rd8
{[%clk 1:07:57]} 14. Rad1 {[%clk 1:12:42]} h4 {[%clk 0:58:40]} 15. Rxd8+
{[%clk 1:05:46]} Kxd8 {[%clk 0:57:30]} 16. Re4 {[%clk 0:51:37]} Bxg5
{[%clk 0:40:23]} 17. Nxg5 {[%clk 0:52:00]} Ke7 {[%clk 0:40:21]} 18. Nxe6
{[%clk 0:48:50]} Kxe6 {[%clk 0:36:19]} 19. Ne2 {[%clk 0:43:50]} Rd8
{[%clk 0:29:45]} 20. Nf4+ {[%clk 0:41:33]} Ke7 {[%clk 0:30:06]} 21. Kf1
{[%clk 0:41:03]} 1/2-1/2

[Event "Winter Chess"]
[Site "?"]
[Date "2014.01.05"]
[Round "8.3"]
[White "Sreeves, Clement"]
[Black "Kilpatrick, Callum"]
[Result "1-0"]
[LiveChessVersion "1.4.2"]
[BlackElo "2350"]
[WhiteElo "2254"]

1. c4 {[%clk 1:30:57]} Nf6 {[%clk 1:29:50]} 2. g3 {[%clk 1:31:23]} g6
{[%clk 1:29:52]} 3. Bg2 {[%clk 1:31:44]} Bg7 {[%clk 1:30:15]} 4. Nc3
{[%clk 1:31:56]} O-O {[%clk 1:30:31]} 5. e4 {[%clk 1:32:08]} d6 {[%clk 1:30:47]}
6. Nge2 {[%clk 1:32:25]} c5 {[%clk 1:31:12]} 7. O-O {[%clk 1:32:34]} Nc6
{[%clk 1:31:38]} 8. d3 {[%clk 1:32:56]} a6 {[%clk 1:31:53]} 9. a4
{[%clk 1:33:12]} Rb8 {[%clk 1:31:07]} 10. h3 {[%clk 1:33:33]} Ne8
{[%clk 1:30:39]} 11. Be3 {[%clk 1:33:53]} e5 {[%clk 1:30:01]} 12. Nd5
{[%clk 1:33:58]} Nc7 {[%clk 1:30:04]} 13. Nec3 {[%clk 1:34:07]} Ne6
{[%clk 1:28:59]} 14. Rb1 {[%clk 1:30:45]} Ned4 {[%clk 1:09:59]} 15. b4
{[%clk 1:24:10]} cxb4 {[%clk 1:10:00]} 16. Nxb4 {[%clk 1:24:21]} Be6
{[%clk 1:09:59]} 17. Nbd5 {[%clk 1:21:23]} f5 {[%clk 0:53:52]} 18. exf5
{[%clk 1:20:33]} gxf5 {[%clk 0:50:39]} 19. f4 {[%clk 1:18:44]} Kh8
{[%clk 0:46:24]} 20. Kh2 {[%clk 1:18:36]} Rf7 {[%clk 0:33:14]} 21. Qd2
{[%clk 1:15:28]} Qg8 {[%clk 0:32:12]} 22. Rb6 {[%clk 1:09:34]} Bf8
{[%clk 0:16:10]} 23. Rfb1 {[%clk 1:07:03]} Rg7 {[%clk 0:16:23]} 24. Qf2
{[%clk 1:06:46]} h5 {[%clk 0:10:59]} 25. h4 {[%clk 0:56:13]} Qf7 {[%clk 0:04:07]}
26. Nb4 {[%clk 0:53:01]} Rc8 {[%clk 0:03:13]} 27. Rxb7 {[%clk 0:51:07]} Qxb7
{[%clk 0:02:26]} 28. Nxc6 {[%clk 0:51:30]} Qxb1 {[%clk 0:02:10]} 29. Nxb1
{[%clk 0:43:05]} Nxc6 {[%clk 0:02:39]} 30. Nc3 {[%clk 0:43:24]} Nd8
{[%clk 0:02:01]} 31. fxe5 {[%clk 0:41:27]} dxe5 {[%clk 0:02:27]} 32. Bh6
{[%clk 0:41:26]} Rf7 {[%clk 0:01:26]} 33. Bxf8 {[%clk 0:41:13]} Rxf8
{[%clk 0:01:55]} 34. Qe2 {[%clk 0:41:22]} Nf7 {[%clk 0:01:54]} 35. Bd5
{[%clk 0:38:33]} Bxd5 {[%clk 0:01:49]} 36. Nxd5 {[%clk 0:38:47]} Kg7
{[%clk 0:01:26]} 37. Qxh5 {[%clk 0:37:49]} Nh6 {[%clk 0:01:55]} 38. Qg5+
{[%clk 0:35:39]} Kh7 {[%clk 0:02:24]} 39. Ne7 {[%clk 0:35:59]} Rg8
{[%clk 0:01:58]} 40. Qh5 {[%clk 0:31:03]} Rcf8 {[%clk 0:00:40]} 41. Nxg8
{[%clk 0:29:54]} Rxg8 {[%clk 0:01:08]} 42. Kh3 {[%clk 0:27:16]} Rd8
{[%clk 0:30:20]} 43. Qf3 {[%clk 0:57:55]} Kg6 {[%clk 0:30:40]} 44. Qc6+
{[%clk 0:57:38]} Kh5 {[%clk 0:31:08]} 45. Qf6 {[%clk 0:57:10]} Rg8
{[%clk 0:31:34]} 46. Qxe5 {[%clk 0:57:16]} Rg4 {[%clk 0:31:44]} 47. Qe8+
{[%clk 0:55:48]} Rg6 {[%clk 0:32:11]} 48. c5 {[%clk 0:55:22]} Ng4
{[%clk 0:32:25]} 49. c6 {[%clk 0:55:13]} f4 {[%clk 0:32:52]} 50. Qxg6+
{[%clk 0:55:20]} Kxg6 {[%clk 0:33:11]} 51. Kxg4 {[%clk 0:55:41]} fxg3
{[%clk 0:33:27]} 52. Kxg3 {[%clk 0:56:05]} 1-0

[Event "Winter Chess"]
[Site "?"]
[Date "2014.01.05"]
[Round "8.4"]
[White "Steil-Antoni, Fiona"]
[Black "MacQueen, Calum"]
[Result "1/2-1/2"]
[LiveChessVersion "1.4.2"]
[BlackElo "2240"]
[WhiteElo "2190"]

1. e4 {[%clk 1:30:55]} c5 {[%clk 1:30:50]} 2. Nc3 {[%clk 1:30:52]} e6
{[%clk 1:31:11]} 3. f4 {[%clk 1:31:16]} d5 {[%clk 1:31:29]} 4. Bb5+
{[%clk 1:31:37]} Bd7 {[%clk 1:31:32]} 5. Qe2 {[%clk 1:31:57]} dxe4
{[%clk 1:30:11]} 6. Bxd7+ {[%clk 1:31:54]} Qxd7 {[%clk 1:30:06]} 7. Nxe4
{[%clk 1:32:11]} Nc6 {[%clk 1:29:35]} 8. Nf3 {[%clk 1:32:27]} Be7
{[%clk 1:29:34]} 9. d3 {[%clk 1:32:41]} Nf6 {[%clk 1:29:27]} 10. O-O
{[%clk 1:32:43]} O-O {[%clk 1:28:48]} 11. Kh1 {[%clk 1:32:48]} 1/2-1/2

[Event "Winter Chess"]
[Site "?"]
[Date "2014.01.05"]
[Round "8.5"]
[White "McNab, Colin"]
[Black "Hamitevici, Vladmir"]
[Result "0-1"]
[LiveChessVersion "1.4.2"]
[BlackElo "2508"]
[WhiteElo "2457"]

1. c4 {[%clk 1:30:56]} c6 {[%clk 1:28:10]} 2. Nf3 {[%clk 1:30:57]} d5
{[%clk 1:28:33]} 3. g3 {[%clk 1:31:08]} Nf6 {[%clk 1:27:01]} 4. Bg2
{[%clk 1:31:13]} Bg4 {[%clk 1:23:09]} 5. cxd5 {[%clk 1:27:46]} Bxf3
{[%clk 1:23:13]} 6. Bxf3 {[%clk 1:28:04]} cxd5 {[%clk 1:23:38]} 7. Nc3
{[%clk 1:26:53]} e6 {[%clk 1:23:42]} 8. d3 {[%clk 1:25:59]} Nc6 {[%clk 1:23:33]}
9. O-O {[%clk 1:25:21]} Be7 {[%clk 1:22:41]} 10. Bg2 {[%clk 1:24:36]} O-O
{[%clk 1:08:04]} 11. e4 {[%clk 1:18:58]} d4 {[%clk 1:08:27]} 12. Ne2
{[%clk 1:18:09]} Rc8 {[%clk 1:08:52]} 13. b3 {[%clk 1:16:51]} Qa5
{[%clk 1:04:09]} 14. a3 {[%clk 1:12:58]} Rfd8 {[%clk 1:03:30]} 15. Bb2
{[%clk 1:12:28]} Qb6 {[%clk 1:00:20]} 16. Rb1 {[%clk 1:07:14]} a5
{[%clk 0:59:44]} 17. h3 {[%clk 0:56:09]} Nd7 {[%clk 0:59:04]} 18. Kh2
{[%clk 0:51:54]} Nc5 {[%clk 0:37:56]} 19. b4 {[%clk 0:48:25]} axb4
{[%clk 0:38:13]} 20. axb4 {[%clk 0:48:39]} Na6 {[%clk 0:35:40]} 21. b5
{[%clk 0:46:18]} Qxb5 {[%clk 0:36:07]} 22. Nxd4 {[%clk 0:42:51]} Nxd4
{[%clk 0:36:12]} 23. Bxd4 {[%clk 0:43:12]} Nb4 {[%clk 0:36:24]} 24. Ba1
{[%clk 0:40:11]} Rxd3 {[%clk 0:33:07]} 25. Qg4 {[%clk 0:39:18]} Bf8
{[%clk 0:24:25]} 26. Qe2 {[%clk 0:27:25]} Qa6 {[%clk 0:23:22]} 27. Rfc1
{[%clk 0:23:47]} Rdd8 {[%clk 0:15:57]} 28. Qe3 {[%clk 0:21:21]} Nc2
{[%clk 0:12:37]} 29. Qf4 {[%clk 0:15:10]} b5 {[%clk 0:12:19]} 30. Bb2 b4 31. h4
{[%clk 0:12:52]} Qa5 {[%clk 0:10:05]} 32. Bf3 {[%clk 0:09:23]} b3
{[%clk 0:09:01]} 33. Kg1 {[%clk 0:08:35]} Ba3 {[%clk 0:07:02]} 34. Ra1
{[%clk 0:05:54]} Nxa1 {[%clk 0:02:57]} 35. Rxa1 {[%clk 0:06:15]} Rc2
{[%clk 0:00:46]} 36. Bxa3 {[%clk 0:05:59]} Ra2 {[%clk 0:01:07]} 37. Rxa2
{[%clk 0:03:30]} bxa2 {[%clk 0:00:59]} 38. Bb2 {[%clk 0:03:22]} a1=Q+
{[%clk 0:01:10]} 39. Bxa1 {[%clk 0:03:42]} Qxa1+ {[%clk 0:01:33]} 40. Kg2
{[%clk 0:04:01]} Qd4 {[%clk 0:01:32]} 41. Bh5 {[%clk 0:00:52]} f5
{[%clk 0:29:44]} 42. Bf3 {[%clk 0:30:19]} Rf8 {[%clk 0:29:56]} 43. h5
{[%clk 0:27:43]} e5 {[%clk 0:28:07]} 44. Qe3 {[%clk 0:26:42]} Qxe3
{[%clk 0:28:08]} 45. fxe3 {[%clk 0:27:07]} g6 {[%clk 0:26:33]} 46. hxg6
{[%clk 0:23:02]} hxg6 {[%clk 0:26:58]} 47. exf5 {[%clk 0:23:00]} gxf5
{[%clk 0:27:06]} 48. g4 {[%clk 0:22:43]} f4 {[%clk 0:25:01]} 49. Be4
{[%clk 0:13:49]} Kg7 {[%clk 0:23:27]} 50. Bf5 {[%clk 0:12:20]} Kf6
{[%clk 0:23:37]} 51. Kf3 {[%clk 0:11:56]} Kg5 {[%clk 0:23:48]} 52. exf4+
{[%clk 0:11:23]} exf4 {[%clk 0:24:11]} 53. Bd7 {[%clk 0:10:28]} Ra8
{[%clk 0:22:26]} 54. Bf5 {[%clk 0:09:54]} Ra3+ {[%clk 0:22:32]} 55. Kf2
{[%clk 0:10:10]} Kf6 {[%clk 0:19:23]} 56. Be4 {[%clk 0:09:12]} Ke5
{[%clk 0:19:16]} 57. Bc6 {[%clk 0:07:55]} Rb3 {[%clk 0:17:54]} 58. Ba4
{[%clk 0:04:39]} Rc3 {[%clk 0:18:05]} 59. Bd7 {[%clk 0:04:00]} f3
{[%clk 0:17:11]} 60. Kg3 {[%clk 0:03:47]} Ke4 {[%clk 0:17:36]} 61. g5
{[%clk 0:03:27]} Rc5 {[%clk 0:15:25]} 62. Kf2 {[%clk 0:02:54]} Rc2+
{[%clk 0:15:16]} 63. Kg3 {[%clk 0:02:23]} Rg2+ {[%clk 0:15:38]} 64. Kh4
{[%clk 0:02:39]} Kf4 {[%clk 0:15:59]} 0-1

[Event "Winter Chess"]
[Site "?"]
[Date "2014.01.05"]
[Round "8.6"]
[White "Edwards, Jonathan"]
[Black "Brechin, Hugh"]
[Result "0-1"]
[LiveChessVersion "1.4.2"]
[BlackElo "2019"]
[WhiteElo "2138"]

1. e4 {[%clk 1:30:57]} c5 {[%clk 1:29:59]} 2. Nf3 {[%clk 1:31:09]} d6
{[%clk 1:30:08]} 3. d4 {[%clk 1:31:29]} cxd4 {[%clk 1:30:18]} 4. Nxd4
{[%clk 1:31:51]} Nf6 {[%clk 1:30:43]} 5. Nc3 {[%clk 1:32:14]} a6 {[%clk 1:31:10]}
6. Be3 {[%clk 1:31:46]} Ng4 {[%clk 1:31:25]} 7. Bc1 {[%clk 1:32:07]} Nf6
{[%clk 1:30:51]} 8. Be2 {[%clk 1:32:15]} e5 {[%clk 1:30:25]} 9. Nb3
{[%clk 1:31:56]} Be7 {[%clk 1:30:36]} 10. O-O {[%clk 1:31:45]} O-O
{[%clk 1:30:21]} 11. Kh1 {[%clk 1:27:55]} b5 {[%clk 1:23:45]} 12. a4
{[%clk 1:25:21]} b4 {[%clk 1:23:15]} 13. Nd5 {[%clk 1:25:37]} Bb7
{[%clk 1:17:40]} 14. Be3 {[%clk 1:20:08]} Nxd5 {[%clk 1:16:34]} 15. exd5
{[%clk 1:20:30]} a5 {[%clk 1:15:37]} 16. c4 {[%clk 1:13:37]} Nd7 {[%clk 1:11:13]}
17. f4 {[%clk 1:09:05]} Rc8 {[%clk 0:55:26]} 18. Rc1 {[%clk 1:02:18]} Bf6
{[%clk 0:43:01]} 19. Bg4 {[%clk 0:48:21]} exf4 {[%clk 0:32:19]} 20. Bxf4
{[%clk 0:48:09]} Bxb2 {[%clk 0:32:15]} 21. Rc2 {[%clk 0:41:40]} f5
{[%clk 0:21:33]} 22. Rxb2 {[%clk 0:35:17]} fxg4 {[%clk 0:21:16]} 23. Bxd6
{[%clk 0:34:45]} Rxf1+ {[%clk 0:19:15]} 24. Qxf1 {[%clk 0:35:12]} Nb6
{[%clk 0:19:27]} 25. c5 {[%clk 0:25:53]} Nxd5 {[%clk 0:18:18]} 26. Rf2
{[%clk 0:20:38]} Nf6 {[%clk 0:13:50]} 27. Nd4 {[%clk 0:20:44]} g3
{[%clk 0:11:55]} 28. Ne6 {[%clk 0:18:46]} Qd7 {[%clk 0:10:01]} 29. Rxf6
{[%clk 0:19:07]} gxf6 {[%clk 0:09:51]} 30. Nf4 {[%clk 0:14:45]} Qf7
{[%clk 0:08:08]} 31. hxg3 {[%clk 0:14:40]} b3 {[%clk 0:08:15]} 32. Qb1
{[%clk 0:13:59]} Re8 {[%clk 0:04:34]} 33. g4 {[%clk 0:13:31]} Re4
{[%clk 0:04:32]} 34. Qb2 {[%clk 0:13:26]} Re3 {[%clk 0:02:09]} 35. Nh5
{[%clk 0:11:11]} Rh3+ {[%clk 0:02:04]} 36. Kg1 {[%clk 0:11:36]} Rxh5
{[%clk 0:02:29]} 37. gxh5 {[%clk 0:11:51]} Qd5 {[%clk 0:02:24]} 38. c6
{[%clk 0:10:30]} Bxc6 {[%clk 0:02:09]} 39. Ba3 {[%clk 0:10:20]} Kf7
{[%clk 0:02:07]} 40. Qe2 {[%clk 0:04:12]} Qe4 {[%clk 0:00:59]} 41. Qxe4
{[%clk 0:03:19]} Bxe4 {[%clk 0:01:25]} 42. Kf2 {[%clk 0:03:08]} f5
{[%clk 0:01:31]} 43. g3 {[%clk 0:02:17]} Kf6 {[%clk 0:01:18]} 44. h6
{[%clk 0:02:34]} Kg5 {[%clk 0:30:52]} 45. Bc1+ {[%clk 0:33:11]} Kg4
{[%clk 0:31:02]} 46. Bb2 {[%clk 0:33:07]} Bc6 {[%clk 0:31:26]} 47. Bc1
{[%clk 0:33:19]} Bxa4 {[%clk 0:31:51]} 48. Bb2 {[%clk 0:33:45]} Bc6
{[%clk 0:32:11]} 49. Bc1 {[%clk 0:34:00]} a4 {[%clk 0:32:33]} 50. Bb2
{[%clk 0:34:22]} Be4 {[%clk 0:30:19]} 51. Bc1 {[%clk 0:34:37]} Kh5
{[%clk 0:30:20]} 52. Ke2 {[%clk 0:34:54]} a3 {[%clk 0:30:39]} 53. Bxa3
{[%clk 0:35:21]} Kxh6 {[%clk 0:31:02]} 54. Ke3 {[%clk 0:35:30]} Kg5
{[%clk 0:31:16]} 55. Bb2 {[%clk 0:34:45]} Kg4 {[%clk 0:31:31]} 56. Kf2
{[%clk 0:34:49]} f4 {[%clk 0:31:50]} 57. gxf4 {[%clk 0:34:29]} Kxf4
{[%clk 0:32:18]} 58. Bc3 {[%clk 0:31:21]} h5 {[%clk 0:32:31]} 59. Bf6
{[%clk 0:31:24]} h4 {[%clk 0:32:43]} 0-1

[Event "Winter Chess"]
[Site "?"]
[Date "2014.01.05"]
[Round "8.7"]
[White "Green, Andrew"]
[Black "Bamber, Elaine"]
[Result "1-0"]
[LiveChessVersion "1.4.2"]
[BlackElo "2119"]
[WhiteElo "2148"]

1. Nf3 {[%clk 1:30:57]} e6 {[%clk 1:30:54]} 2. e4 {[%clk 1:28:45]} d5
{[%clk 1:31:16]} 3. Nc3 {[%clk 1:28:50]} Nf6 {[%clk 1:31:17]} 4. e5
{[%clk 1:29:17]} Nfd7 {[%clk 1:31:40]} 5. d4 {[%clk 1:29:42]} c5 {[%clk 1:31:33]}
6. dxc5 {[%clk 1:29:54]} Bxc5 {[%clk 1:31:02]} 7. Bd3 {[%clk 1:30:03]} Nc6
{[%clk 1:31:08]} 8. Bf4 {[%clk 1:30:28]} a6 {[%clk 1:28:15]} 9. O-O
{[%clk 1:30:01]} Qc7 {[%clk 1:27:22]} 10. Bg3 {[%clk 1:11:28]} Ne7
{[%clk 1:17:18]} 11. Qd2 {[%clk 1:08:08]} h6 {[%clk 1:15:45]} 12. Rfe1
{[%clk 1:06:51]} b5 {[%clk 1:15:49]} 13. Ne2 {[%clk 1:04:03]} g5 {[%clk 1:10:07]}
14. h4 {[%clk 0:42:14]} g4 {[%clk 1:07:14]} 15. Nh2 {[%clk 0:41:13]} h5
{[%clk 0:56:53]} 16. b4 {[%clk 0:39:37]} Ba7 {[%clk 0:55:32]} 17. Qg5
{[%clk 0:38:59]} Bb7 {[%clk 0:54:10]} 18. a4 {[%clk 0:33:27]} bxa4
{[%clk 0:53:17]} 19. Rxa4 {[%clk 0:33:44]} Qc6 {[%clk 0:52:00]} 20. Rea1
{[%clk 0:29:24]} Nb6 {[%clk 0:47:49]} 21. b5 {[%clk 0:25:37]} Qc5
{[%clk 0:40:29]} 22. R4a2 {[%clk 0:24:47]} Nc4 {[%clk 0:36:05]} 23. bxa6
{[%clk 0:24:22]} Bc6 {[%clk 0:36:28]} 24. Nf4 {[%clk 0:23:21]} Ne3
{[%clk 0:31:09]} 25. Nxh5 {[%clk 0:20:27]} Rxh5 {[%clk 0:27:16]} 26. Qxh5
{[%clk 0:20:24]} N3f5 {[%clk 0:24:58]} 27. Qxg4 {[%clk 0:18:46]} Kd7
{[%clk 0:22:51]} 28. Bxf5 {[%clk 0:16:57]} Rg8 {[%clk 0:23:04]} 29. Bxe6+
{[%clk 0:16:13]} fxe6 {[%clk 0:23:30]} 30. Qf4 {[%clk 0:16:03]} Nf5
{[%clk 0:23:13]} 31. Ng4 {[%clk 0:15:26]} Kc7 {[%clk 0:21:39]} 32. Kh2
{[%clk 0:10:05]} d4 {[%clk 0:20:07]} 33. Nh6 {[%clk 0:06:24]} Qd5
{[%clk 0:15:33]} 34. f3 {[%clk 0:06:26]} Rf8 {[%clk 0:14:58]} 35. Nxf5
{[%clk 0:06:00]} Rxf5 {[%clk 0:15:25]} 36. Qg4 {[%clk 0:06:10]} Qd7
{[%clk 0:14:48]} 37. Rb1 {[%clk 0:05:08]} Rf7 {[%clk 0:14:51]} 38. Rab2
{[%clk 0:04:36]} Qe8 {[%clk 0:13:19]} 39. Rb7+ {[%clk 0:04:08]} Bxb7
{[%clk 0:13:43]} 40. Rxb7+ {[%clk 0:04:24]} Kd8 {[%clk 0:13:27]} 41. Qg5+
{[%clk 0:03:38]} Kc8 {[%clk 0:13:47]} 42. Qg6 {[%clk 0:03:24]} Qd8 1-0